000 00504nam a22001697a 4500
008 151021b xxu||||| |||| 00| 0 eng d
041 0 _aeng
080 _a621.31
100 1 _aSlemon, Gordon R.
245 1 0 _aMagnetoelectric devices: transducers, transformers, and machines
_c[by] Gordon R. Slemon.
260 _aNew York,
_bWiley
_c1966.
300 _ax, 544 f.
_bme il.;
_c24 cm.
650 0 _aTransformacioni elektrik
650 0 _aMaqina elektrike
650 0 _aMotorat elektrikë
942 _2udc
_cBK
999 _c1327
_d1327